000
00339 a2200157 4500
001
56566
020
_a
853225182x
040
_c
Anchieta - Pituba
100
_a
Peixoto, Francisco Balthar
240
1
0
_a
A tulipa negra
_l
por
245
1
0
_a
A tulipa negra
300
_a
176
362
0
_a
2004
650
4
_a
Literatura juvenil
942
_c
BK
999
_c
56566
_d
56566